[Event "Arber Seniors op 10th"]
[Site "Bodenmais"]
[Date "2023.08.10"]
[Round "6"]
[White "Stupperich, Reiner"]
[Black "Skibbe, Diana"]
[Result "1-0"]
[WhiteElo "2037"]
[BlackElo "1938"]
[PlyCount "61"]
[EventDate "2023.08.05"]
[EventType "swiss"]
[EventRounds "9"]
[EventCountry "GER"]
[SourceTitle "EXT 2024"]
[Source "ChessBase"]
[SourceDate "2023.10.10"]
[SourceVersion "1"]
[SourceVersionDate "2023.10.10"]
[SourceQuality "1"]

1. Nf3 d6 2. d4 g6 3. g3 Bg7 4. Bg2 f5 5. c3 Nf6 6. Qb3 c6 7. Bg5 Qb6 8. Nbd2 Qxb3 9. axb3 Be6 10. 0-0 h6 11. Bxf6 Bxf6 12. Nc4 Bxc4 13. bxc4 Nd7 14. Nd2 e5 15. dxe5 dxe5 16. e4 f4 17. b4 Kd8 18. Bh3 Rh7 19. c5 b5 20. cxb6 Nxb6 21. Nb3 Be7 22. Ra6 Kc7 23. Rd1 Kb7 24. Bf1 Bd8 25. c4 Nd7 26. c5 Bc7 27. b5 Nb8 28. bxc6+ Nxc6 29. Rb1 Ne7 30. Nd4+ Kc8 31. Bh3+ 1-0

[Event "Goch op 16th"]
[Site "Goch"]
[Date "2005.09.30"]
[Round "1"]
[White "Stupperich, Reiner"]
[Black "Gerhards, Bernd"]
[Result "1-0"]
[WhiteElo "2188"]
[BlackElo "1789"]
[PlyCount "69"]
[EventDate "2005.09.30"]
[EventType "swiss"]
[EventRounds "7"]
[EventCountry "GER"]
[SourceTitle "EXT 2007"]
[Source "ChessBase"]
[SourceDate "2006.11.23"]
[SourceVersion "1"]
[SourceVersionDate "2006.11.23"]
[SourceQuality "1"]

1. d4 Nf6 2. Nf3 c5 3. c3 e6 4. Bf4 Nc6 5. e3 Qb6 6. Qb3 Be7 7. Nbd2 d5 8. Bd3 c4 9. Qxb6 axb6 10. Bc2 Nh5 11. Bc7 b5 12. 0-0 f5 13. b4 Bd7 14. a4 bxa4 15. Bb6 0-0 16. Bxa4 Nf6 17. Bc2 Rfe8 18. Bc5 h6 19. Bxe7 Nxe7 20. Ne5 Nc6 21. f3 Nxe5 22. dxe5 Nh7 23. f4 Bc6 24. Nf3 Nf8 25. Nd4 Bd7 26. Rfb1 Ng6 27. g4 Ne7 28. gxf5 Nxf5 29. Bxf5 exf5 30. Kf2 Kf7 31. Ra5 b6 32. Rxd5 Ra2+ 33. Kg3 Re7 34. Rxd7 Rxd7 35. e6+ 1-0

[Event "Goch op 14th"]
[Site "Goch"]
[Date "2003.??.??"]
[Round "6"]
[White "Beckmann, Arne"]
[Black "Stupperich, Reiner"]
[Result "1/2-1/2"]
[WhiteElo "1725"]
[BlackElo "2195"]
[PlyCount "48"]
[EventDate "2003.10.02"]
[EventType "swiss"]
[EventRounds "7"]
[EventCountry "GER"]
[SourceTitle "EXT 2006"]
[Source "ChessBase"]
[SourceDate "2005.11.24"]
[SourceVersion "1"]
[SourceVersionDate "2005.11.24"]
[SourceQuality "1"]

1. e4 g6 2. Nf3 Bg7 3. Bc4 c5 4. 0-0 Nc6 5. c3 e6 6. d4 d5 7. exd5 exd5 8. Re1+ Nge7 9. Bb5 cxd4 10. Nxd4 0-0 11. Bg5 Qc7 12. Qd2 Nxd4 13. cxd4 Nf5 14. Nc3 Be6 15. Bf4 Qb6 16. Be5 Bxe5 17. Rxe5 Qxd4 18. Qxd4 Nxd4 19. Ba4 Rad8 20. Rd1 Nc6 21. Re2 d4 22. Ne4 Bd5 23. f3 d3 24. Rxd3 Bxe4 1/2-1/2

[Event "Goch op 14th"]
[Site "Goch"]
[Date "2003.??.??"]
[Round "7"]
[White "Stupperich, Reiner"]
[Black "Krebel, Andreas"]
[Result "1-0"]
[WhiteElo "2195"]
[BlackElo "1725"]
[PlyCount "27"]
[EventDate "2003.10.02"]
[EventType "swiss"]
[EventRounds "7"]
[EventCountry "GER"]
[SourceTitle "EXT 2006"]
[Source "ChessBase"]
[SourceDate "2005.11.24"]
[SourceVersion "1"]
[SourceVersionDate "2005.11.24"]
[SourceQuality "1"]

1. d4 Nf6 2. Nf3 d5 3. c4 e6 4. g3 Be7 5. Bg2 0-0 6. Qc2 c6 7. 0-0 Re8 8. b3 Nbd7 9. Nc3 Bd6 10. Rd1 e5 11. cxd5 exd4 12. dxc6 bxc6 13. Nxd4 Qc7 14. Ncb5 1-0

[Event "Goch op 13th"]
[Site "Goch"]
[Date "2002.10.04"]
[Round "3"]
[White "Stupperich, Reiner"]
[Black "Schebler, Gerhard"]
[Result "0-1"]
[WhiteElo "2190"]
[BlackElo "2500"]
[PlyCount "110"]
[EventDate "2002.10.03"]
[EventType "swiss"]
[EventRounds "7"]
[EventCountry "GER"]
[SourceTitle "EXT 2004"]
[Source "ChessBase"]
[SourceDate "2003.11.25"]
[SourceVersion "1"]
[SourceVersionDate "2003.11.25"]
[SourceQuality "1"]

1. d4 Nf6 2. g3 d5 3. Bg2 c6 4. c4 Bf5 5. Qb3 Qb6 6. Nc3 e6 7. Nf3 Nbd7 8. 0-0 h6 9. Nd2 Qxb3 10. axb3 Bb4 11. Na2 Be7 12. Nc3 0-0 13. e4 dxe4 14. Ndxe4 Rfd8 15. Bf4 Bxe4 16. Nxe4 Nxe4 17. Bxe4 Nf6 18. Bc2 Rxd4 19. Be3 Rdd8 20. Rxa7 Rxa7 21. Bxa7 Ra8 22. Bd4 Nd7 23. Rd1 Bf6 24. Bxf6 Nxf6 25. b4 Kf8 26. h4 Ke7 27. f3 Ra2 28. Rb1 Ra6 29. Bd3 Ra4 30. Kf2 Rxb4 31. b3 Nd7 32. Bc2 Rb6 33. Ra1 Ra6 34. Rxa6 bxa6 35. b4 c5 36. b5 axb5 37. cxb5 Kd6 38. Be4 c4 39. Ke3 Nb6 40. Kd4 e5+ 41. Kc3 Kc5 42. Bc6 Na4+ 43. Kc2 Kd4 44. Kd2 f5 45. f4 e4 46. Bd7 e3+ 47. Ke2 Nc3+ 48. Ke1 Kc5 49. Bxf5 Nxb5 50. g4 Nd4 51. Be4 c3 52. Kd1 c2+ 53. Bxc2 Nxc2 54. Kxc2 Kd4 55. f5 Ke4 0-1

[Event "Goch op 13th"]
[Site "Goch"]
[Date "2002.10.03"]
[Round "1"]
[White "Stupperich, Reiner"]
[Black "Kostowski, Ireneus"]
[Result "1-0"]
[WhiteElo "2190"]
[BlackElo "1769"]
[PlyCount "75"]
[EventDate "2002.10.03"]
[EventType "swiss"]
[EventRounds "7"]
[EventCountry "GER"]
[SourceTitle "EXT 2004"]
[Source "ChessBase"]
[SourceDate "2003.11.25"]
[SourceVersion "1"]
[SourceVersionDate "2003.11.25"]
[SourceQuality "1"]

1. d4 d5 2. Bg5 Nd7 3. e3 Ngf6 4. c4 c6 5. cxd5 cxd5 6. Nc3 e6 7. Nf3 Qa5 8. Qc2 Ne4 9. Bd3 Bb4 10. 0-0 Nxg5 11. Nxg5 h6 12. Nf3 Nf6 13. Ne5 0-0 14. f4 Bd7 15. Qe2 Bxc3 16. bxc3 Qxc3 17. Rfc1 Qa5 18. g4 Qd8 19. g5 hxg5 20. fxg5 Ne4 21. Bxe4 dxe4 22. Qh5 g6 23. Qh6 f5 24. Qxg6+ Kh8 25. Qh6+ Kg8 26. g6 Qe7 27. Rc7 Rad8 28. Rxb7 a5 29. Rc1 Qg7 30. Qxg7+ Kxg7 31. Rcc7 f4 32. Rxd7+ Rxd7 33. Rxd7+ Kg8 34. Kf2 f3 35. h4 Rc8 36. Ng4 Rc2+ 37. Ke1 Rxa2 38. Nf6+ 1-0

[Event "Goch op 11th"]
[Site "Goch"]
[Date "2000.10.15"]
[Round "6"]
[White "Preiss, Veronika"]
[Black "Stupperich, Reiner"]
[Result "0-1"]
[WhiteElo "2148"]
[BlackElo "1997"]
[PlyCount "64"]
[EventDate "2000.10.12"]
[EventType "swiss"]
[EventRounds "7"]
[EventCountry "GER"]
[SourceTitle "EXT 2002"]
[Source "ChessBase"]
[SourceDate "2001.11.25"]
[SourceVersion "1"]
[SourceVersionDate "2001.11.25"]
[SourceQuality "1"]

1. d4 Nf6 2. c4 g6 3. Nc3 Bg7 4. e4 d6 5. Be2 0-0 6. g4 c5 7. d5 e6 8. g5 Ne8 9. h4 exd5 10. cxd5 Nc7 11. a4 Nd7 12. h5 a6 13. hxg6 fxg6 14. Nb1 Qe7 15. Qc2 Ne5 16. Ra3 c4 17. Rg3 b5 18. f4 Nd3+ 19. Bxd3 cxd3 20. Qxd3 Bd7 21. Nc3 Rae8 22. e5 Bf5 23. Ne4 Bxe4 24. Qxe4 dxe5 25. f5 Rxf5 26. Rgh3 Qc5 27. Be3 Qxd5 28. Qh4 Rd8 29. Qxh7+ Kf7 30. Qxg7+ Kxg7 31. Rh7+ Kf8 32. Rh8+ Ke7 0-1